000
00323nam a22001337a 4500
008
170302b xxu||||| |||| 00| 0 eng d
020
_a
019262962x
041
_a
eng
080
_2
2ND
_a
575
100
_a
6
101
_a
SHM
245
_a
INTRODUCTION TO RISK CALCULATION IN GENETIC COUNSELING
_c
YOUNG, I.D
942
_2
udc
_c
BK
999
_c
6587
_d
6587